Biblioteca y Centro de Documentación

Proyecto de programa y presupuesto 2008-2009 y otras cuestiones financieras (Registro nro. 20249)

Detalles MARC
000 -CABECERA
Longitud fija campo de control 01627nam a2200373 c 4500
001 - NÚMERO DE CONTROL
Número de control 20249
003 - IDENTIFICADOR DE NÚMERO DE CONTROL
Identificador del número de control ES-MaCES
005 - FECHA Y HORA DE LA ÚLTIMA TRANSACCIÓN
Fecha y hora de la última transacción 20180131142518.0
008 - CAMPO FIJO DE DESCRIPCIÓN FIJA--INFORMACIÓN GENERAL
Códigos de información de longitud fija   070627s2007 sz t i100 | spa d
020 ## - ISBN (INTERNATIONAL STANDARD BOOK NUMBER)
Número Internacional Normalizado para Libros (ISBN) 9789223181321
035 ## - NÚMERO DE CONTROL DEL SISTEMA
Número de control del sistema CES20070007906m
040 ## - FUENTE DE CATALOGACIÓN
Centro catalogador de origen ES-MaCES
Lengua de catalogación spa
Centro transcriptor ES-MaCES
111 2# - ENCABEZAMIENTO PRINCIPAL--NOMBRE DE REUNIÓN
Nombre de congreso o jurisdicción como elemento de entrada Conferencia Internacional del Trabajo
Unidad subordinada Reunión
Número del congreso o número de parte o sección de la obra 96ª
Fecha del congreso 2007
Sede del congreso Ginebra
9 (RLIN) 981
245 10 - MENCIÓN DE TÍTULO
Título Proyecto de programa y presupuesto 2008-2009 y otras cuestiones financieras
Mención de responsabilidad, etc. Conferencia Internacional del Trabajo, 96ª Reunión, 2007
250 ## - MENCIÓN DE EDICIÓN
Mención de edición 1ª ed
260 ## - PUBLICACIÓN, DISTRIBUCIÓN, ETC (PIE DE IMPRENTA)
Lugar de publicación, distribución, etc. Ginebra
Nombre del editor, distribuidor, etc. Oficina Internacional del Trabajo
Fecha de publicación, distribución, etc. 2007
300 ## - DESCRIPCIÓN FÍSICA
Extensión 1 v. (pag. var.)
Dimensiones 30 cm
500 ## - NOTA GENERAL
Nota general Precede al tít.: Informe II
500 ## - NOTA GENERAL
Nota general En la port., además: Segundo punto del orden del día, propuestas de programa y presupuesto y otras cuestiones financieras
500 ## - NOTA GENERAL
Nota general V.a.: Propuestas de programa y presupuesto para 2008-2009
541 ## - NOTA DE LA FUENTE INMEDIANTE DE ADQUISICIÓN
Forma de adquisición Suscripción conjunta
650 #4 - ASIENTO SECUNDARIO DE MATERIA--TÉRMINO DE MATERIA
Término de materia o nombre geográfico como elemento inicial presupuesto
9 (RLIN) 28276
650 #4 - ASIENTO SECUNDARIO DE MATERIA--TÉRMINO DE MATERIA
Término de materia o nombre geográfico como elemento inicial elaboración del presupuesto
9 (RLIN) 28277
650 #4 - ASIENTO SECUNDARIO DE MATERIA--TÉRMINO DE MATERIA
Término de materia o nombre geográfico como elemento inicial programa de la OIT
9 (RLIN) 29032
650 #4 - ASIENTO SECUNDARIO DE MATERIA--TÉRMINO DE MATERIA
Término de materia o nombre geográfico como elemento inicial 2008-2009
9 (RLIN) 31895
653 10 - TÉRMINO DE INDEXACIÓN--NO CONTROLADO
Término no controlado Organizaciones
787 0# - ENTRADA DE OTRAS ESPECIFICACIONES
Título Propuestas de programa y presupuesto para 2008-2009
Número de control del registro relacionado (ES-MaCES)20248
787 0# - ENTRADA DE OTRAS ESPECIFICACIONES
Título Proyecto de programa y presupuesto para 2010-2011 y otras cuestiones financieras
Número de control del registro relacionado (ES-MaCES)22286
787 0# - ENTRADA DE OTRAS ESPECIFICACIONES
Título Proyecto de programa y presupuesto 2006-2007 y otras cuestiones financieras
Número de control del registro relacionado (ES-MaCES)17705
710 2# - ENCABEZAMIENTO SECUNDARIO--NOMBRE CORPORATIVO
9 (RLIN) 4718
Nombre de entidad o nombre de jurisdicción como elemento inicial Organización Internacional del Trabajo
Término indicativo de función ed.
902 ## - CES. TIPO DE DOCUMENTO
Tipodoc (006$c Sirtex) LIB Libro
942 ## - ELEMENTOS KOHA
Fuente de clasificaión o esquema Clasificación propia del CES
Koha [por defecto] tipo de item Monografías
Parte de clasificación 6.3.
Existencias
Número de registro Signatura completa Tipo de item de Koha
068241 DPT-7542 Monografías
© CES, Consejo Económico y Social de España 2021